000 00619nam a2200181 4500
001 22654
005 20230410120942.0
008 060907n1997 dr spa
020 _a9683659284
035 _9funglode22817
041 _aES
050 1 4 _aJC 573.2 C755 1997
245 0 3 _aEl conservadurismo en Estados Unidos y Canada :
_btendencias y perspectivas hacia el fin del milenio /
_ccoordinadoras Mónica Verea C., y Silvia Núñez G.
260 _aMexico :
_bUniversidad Nacional Autónoma de México,
_c1997
300 _a342 p.
700 _aVerea C., Mónica \ Núñez G.,Silvia
942 _2lcc
_cbk
999 _c55038
_d55038